| 000 | 00607nam a2200205 a 4500 | ||
|---|---|---|---|
| 001 | BRCA_2189 | ||
| 005 | 20190320203716.0 | ||
| 008 | 921204s1990 mx-a---##b---#010-0#spa-# | ||
| 020 | _a9687108243 | ||
| 040 |
_aDLC _cDLC |
||
| 050 | 4 |
_aTX791 _b.M35 1990 |
|
| 100 | 1 |
_aMagalón Barceló, Javier _96600 |
|
| 245 | 1 | 0 |
_aHistoria y leyenda del mazapán _cJavier Malagón Barceló editor. |
| 260 |
_aMéxico _bSan Angel _c1990 |
||
| 300 |
_a200 p. _bil. a color _c33 cm. |
||
| 500 | _aIncluye tabla cronológica | ||
| 504 | _aBibliografía : p. 191-194 | ||
| 650 | 1 | 4 |
_aMazapán _xHistoria _96601 |
| 942 |
_2lcc _cB |
||
| 999 |
_c1945 _d1945 |
||